| 000 | 00605nam a22001817a 4500 | ||
|---|---|---|---|
| 005 | 20260128114315.0 | ||
| 010 | _aENG-147721 | ||
| 020 |
_a9789367002872 _c150.00 |
||
| 035 | _aEN-131253 | ||
| 037 | _bDBAD | ||
| 082 |
_21 _a371.302812 |
||
| 100 |
_aLodhi, Neeharika Singh _986928 |
||
| 245 |
_aTime Management/ _cNeeharika Singh Lodhi |
||
| 260 |
_aEast Delhi _bPharos Books _c2024 |
||
| 270 |
_aPlot No. -63 Main Mother Dairy Road Pandav Nagar, East Delhi _bEast Delhi _e110092 _k011-403958555 _msales@pharosbooks.in |
||
| 300 |
_a130p. _c20cm(pb) |
||
| 942 |
_2ddc _cEN _mLOD _h371.302812 |
||
| 999 |
_c214547 _d214547 |
||